Formato internacional de transferencias para los registros de plantas en los jardines botánicos : (Registro nro. 2824)

Detalles MARC
000 -CABECERA
Campo de control 00906nam a2200241 a 4500
005 - FECHA Y HORA DE LA ULTIMA TRANSACCION
Campo de control 20141203153731.0
008 - ELEMENTOS DE LONGITUD FIJA—INFORMACION GENERAL
Campo de control 140121b1998 -ku||||| |||| 00| 0 spa d
040 ## - FUENTE DE CATALOGACIÓN
Agencia transcriptora CO-BoIH
041 ## - IDIOMA
Código de idioma para texto/pista de sonido o título separado Español
Código de idioma de la versión original y/o traducciones intermedias del texto Inglés
044 ## - PAÍS DE PUBLICACIÓN
País de publicación
082 04 - NUMERO DE CLASIFICACION DECIMAL DEWEY
Número de clasificación 025.3
Número del ítem W99f
245 00 - MENCION DE TITULO
Título Formato internacional de transferencias para los registros de plantas en los jardines botánicos :
Parte restante del título versión 2 /
Mención de responsabilidad compilado y editado por Diane Wyse Jackson, editado por Christopher Hobson
246 ## - FORMA VARIANTE DEL TITULO
Título propiamente dicho/forma breve del título International transfer format for botanic garden plant records
260 ## - PUBLICACION, DISTRIBUCION, ETC. (PIE DE IMPRENTA)
Lugar de publicación, distribución, etc. Edimburgo :
Nombre del editor, distribuidor, etc. Botanic Gardens Conservation International,
Fecha de publicación, distribución, etc. 1998
300 ## - DESCRIPCION FISICA
Extensión 60 p.
Dimensiones 28 cm.
650 #6 - ASIENTO SECUNDARIO DE MATERIA - TERMINO TEMATICO
Término temático o nombre geográfico como elemento de entrada Registros biológicos
Subdivisión general formatos
650 #6 - ASIENTO SECUNDARIO DE MATERIA - TERMINO TEMATICO
Término temático o nombre geográfico como elemento de entrada Plantas
650 #6 - ASIENTO SECUNDARIO DE MATERIA - TERMINO TEMATICO
Término temático o nombre geográfico como elemento de entrada Jardines botánicos
700 1# - ASIENTO SECUNDARIO - NOMBRE PERSONAL
Nombre personal Hobson, Christopher
Término de relación ed
700 1# - ASIENTO SECUNDARIO - NOMBRE PERSONAL
Nombre personal Conn, Barry
Término de relación ed
700 1# - ASIENTO SECUNDARIO - NOMBRE PERSONAL
Nombre personal Ward, Chris
Término de relación ed.
942 ## - ELEMENTOS ADICIONALES (KOHA)
Tipo de ítem Informe Técnico
Sistema de clasificación Dewey Decimal Classification
Existencias
Withdrawn status Lost status Sistema de Clasificación Damaged status No para préstamo Colección Inventariado Ubicación Permanente Ubicación actual Fecha de adquisición Total Checkouts Número topográfico Inventario / Código de Barras Date last seen Ejemplar Price effective from Forma de adquisición Tipo de material
    Dewey Decimal Classification     General Inventariado 2017 Bogotá Bogotá 02/07/2002   LB-025.3 W99f 004178 04/12/2012 Ej. 1 04/12/2012   Informe Técnico